Trade and environment: (Record no. 17161)

MARC details
000 -LEADER
fixed length control field 00712nam a22002057a 4500
005 - DATE AND TIME OF LATEST TRANSACTION
control field 20081021102049.0
008 - FIXED-LENGTH DATA ELEMENTS--GENERAL INFORMATION
fixed length control field 081021t xxu||||| |||| 00| 0 eng d
010 ## - LIBRARY OF CONGRESS CONTROL NUMBER
LC control number ENG-84199
020 ## - INTERNATIONAL STANDARD BOOK NUMBER
International Standard Book Number 0195683951
020 ## - INTERNATIONAL STANDARD BOOK NUMBER
Terms of availability 625.00 (hb)
035 ## - SYSTEM CONTROL NUMBER
System control number EN-67732
082 ## - DEWEY DECIMAL CLASSIFICATION NUMBER
Classification number 380.145675
100 ## - MAIN ENTRY--PERSONAL NAME
Personal name Sankar, U
245 ## - TITLE STATEMENT
Title Trade and environment:
Remainder of title a study of India's leather exports /
Statement of responsibility, etc by U Sankar
260 ## - PUBLICATION, DISTRIBUTION, ETC. (IMPRINT)
Place of publication, distribution, etc New Delhi
Name of publisher, distributor, etc Oxford University Press
260 ## - PUBLICATION, DISTRIBUTION, ETC. (IMPRINT)
Date of publication, distribution, etc 2007
300 ## - PHYSICAL DESCRIPTION
Extent xix,299p
Dimensions 22cm
942 ## - ADDED ENTRY ELEMENTS (KOHA)
Source of classification or shelving scheme Dewey Decimal Classification
Koha item type English Books
Classification part 380.145675
Call number suffix SAN
Holdings
Withdrawn status Lost status Source of classification or shelving scheme Damaged status Not for loan Home library Current library Date acquired Cost, normal purchase price Total Checkouts Full call number Barcode Date last seen Cost, replacement price Price effective from Koha item type
    Dewey Decimal Classification   Not For Loan D.B.Act.Division D.B.Act.Division 27/02/2007 625.00   380.145675 SAN EN-67732 21/10/2008 625.00 21/10/2008 English Books

© Delhi Public Library
Hit Counter
free hit counter